[Event "Pinneberg op Seniors 15th"]
[Site "Pinneberg"]
[Date "2014.??.??"]
[Round "7"]
[White "Meyer, Winfried"]
[Black "Sagitow, Kamil"]
[Result "0-1"]
[WhiteElo "1570"]
[BlackElo "1380"]
[PlyCount "105"]
[EventDate "2014.07.03"]
[EventType "swiss"]
[EventRounds "7"]
[EventCountry "GER"]
[SourceTitle "EXT 2017"]
[Source "ChessBase"]
[SourceDate "2016.10.25"]
[SourceVersion "1"]
[SourceVersionDate "2016.10.25"]
[SourceQuality "1"]

1. e4 e5 2. Nf3 d6 3. d4 exd4 4. Qxd4 Nc6 5. Bb5 Bd7 6. Bxc6 Bxc6 7. 0-0 f6 8. Nc3 Ne7 9. Re1 Ng6 10. Be3 Qd7 11. Nd2 b6 12. Nd5 Bb7 13. Qc3 c6 14. Nf4 Ne5 15. f3 g5 16. Nh5 Be7 17. Ng7+ Kd8 18. Nf5 Kc7 19. a4 Ng6 20. Nc4 d5 21. Rad1 Kb8 22. Bxb6 axb6 23. Nxb6 Qc7 24. Nxa8 Kxa8 25. exd5 Qb6+ 26. Kh1 Bb4 27. Qb3 cxd5 28. c3 Bc5 29. Qxb6 Bxb6 30. Re6 Bd8 31. Nd6 Nf4 32. Ree1 Bc6 33. g3 Ng6 34. Nf7 Rf8 35. Nxd8 Rxd8 36. Re6 Kb7 37. Rxf6 Bxa4 38. Rd4 Bc6 39. Kg2 Nf8 40. c4 Kc7 41. cxd5 Bxd5 42. Rf7+ Kd6 43. Ra7 Ne6 44. Rd3 g4 45. Rxh7 gxf3+ 46. Kf2 Rb8 47. Rd2 Rb4 48. Ra7 Nc5 49. Rc2 Nd3+ 50. Ke3 Nxb2 51. Ra6+ Ke5 52. Rh6 Nd1+ 53. Kd2 0-1

[Event "Pinneberg op Seniors 12th"]
[Site "Pinneberg"]
[Date "2011.06.30"]
[Round "4"]
[White "Sagitow, Kamil"]
[Black "Blankenburg, Gert"]
[Result "1/2-1/2"]
[WhiteElo "1487"]
[BlackElo "1811"]
[PlyCount "122"]
[EventDate "2011.06.16"]
[EventType "swiss"]
[EventRounds "7"]
[EventCountry "GER"]
[SourceTitle "EXT 2012"]
[Source "ChessBase"]
[SourceDate "2011.11.24"]
[SourceVersion "1"]
[SourceVersionDate "2011.11.24"]
[SourceQuality "1"]

1. e4 c6 2. Nf3 d5 3. exd5 cxd5 4. d4 Bg4 5. Nbd2 Nf6 6. Be2 e6 7. Ne5 Bxe2 8. Qxe2 a6 9. c3 Be7 10. 0-0 Nc6 11. Nef3 0-0 12. Ng5 b5 13. Ndf3 h6 14. Nh3 b4 15. Nf4 bxc3 16. bxc3 Na5 17. Ne5 Qc7 18. Bd2 Rfc8 19. f3 Ne8 20. Nxf7 Bf6 21. Ne5 Bxe5 22. dxe5 Qf7 23. Nd3 Nc4 24. Be1 Rab8 25. f4 Rb7 26. Bf2 g6 27. Bd4 Rcb8 28. Qg4 Ng7 29. Qh3 Kh7 30. g4 Nd2 31. Qe3 Nc4 32. Qf2 a5 33. Qc2 Qe8 34. Rf3 Qe7 35. g5 h5 36. Rff1 Nf5 37. Rfe1 Qf7 38. Reb1 Rxb1+ 39. Rxb1 Na3 40. Rxb8 Nxc2 41. Nc5 Ncxd4 42. cxd4 Ne7 43. Rb7 Kg8 44. Kg2 Qxf4 45. Rb8+ Kf7 46. Rf8+ Kxf8 47. Nxe6+ Kf7 48. Nxf4 Nc6 49. e6+ Kg7 50. Nxd5 Nxd4 51. e7 Kf7 52. Nf4 a4 53. Nxg6 a3 54. Nf4 Nb5 55. Nd3 Nc3 56. Nc1 Ne4 57. h4 Kxe7 58. Kf3 Nc3 59. Kf4 Kf7 60. Kf5 Kg7 61. g6 Nd5 1/2-1/2

[Event "Pinneberg op Seniors 11th"]
[Site "Pinneberg"]
[Date "2010.07.08"]
[Round "3"]
[White "Raedisch, Peter"]
[Black "Sagitow, Kamil"]
[Result "1-0"]
[WhiteElo "1417"]
[BlackElo "1471"]
[PlyCount "119"]
[EventDate "2010.06.24"]
[EventType "swiss"]
[EventRounds "7"]
[EventCountry "GER"]
[SourceTitle "EXT 2011"]
[Source "ChessBase"]
[SourceDate "2010.11.26"]
[SourceVersion "1"]
[SourceVersionDate "2010.11.26"]
[SourceQuality "1"]

1. e4 e5 2. Nf3 Qe7 3. Bc4 d6 4. c3 Be6 5. Bxe6 Qxe6 6. 0-0 Nc6 7. h3 Be7 8. d3 Nf6 9. Ng5 Qc8 10. f4 h6 11. Nf3 exf4 12. Bxf4 Qd7 13. Nbd2 0-0-0 14. b4 g5 15. b5 Na5 16. Qa4 gxf4 17. Qxa5 Kb8 18. Nd4 Nh5 19. Rad1 Bg5 20. N2f3 Ng3 21. Rf2 f5 22. e5 Ka8 23. Rc2 Rhg8 24. Re1 b6 25. Qa4 Rb8 26. Qc4 d5 27. Qb3 Be7 28. Kh2 Bc5 29. Nc6 Rg7 30. d4 Be7 31. a4 Ne4 32. Ra1 Bg5 33. a5 bxa5 34. Rxa5 Qxc6 35. bxc6 Rxb3 36. Rca2 Rb7 37. cxb7+ Kxb7 38. Rxa7+ Kc6 39. R2a6+ Kd7 40. Nxg5 hxg5 41. Rg6 Re7 42. Ra3 Rh7 43. Kg1 Rh8 44. Rg7+ Kc6 45. Ra7 Rc8 46. Kf1 Nxc3 47. Rxg5 Ne4 48. Rg7 Kb6 49. Ra2 Kb5 50. Rc2 c5 51. dxc5 Nxc5 52. Ke2 Re8 53. Kf3 Kb4 54. Rc7 Ne6 55. Rb7+ Ka3 56. Rc1 Ka2 57. Rcb1 Ra8 58. R1b6 Nd4+ 59. Kxf4 Ra4 60. e6 1-0

[Event "Pinneberg-ch"]
[Site "Pinneberg"]
[Date "2009.09.24"]
[Round "5"]
[White "Lemke, Berfin"]
[Black "Sagitow, Kamil"]
[Result "1-0"]
[WhiteElo "1333"]
[BlackElo "1487"]
[PlyCount "129"]
[EventDate "2009.08.27"]
[EventType "swiss"]
[EventRounds "7"]
[EventCountry "GER"]
[SourceTitle "EXT 2012"]
[Source "ChessBase"]
[SourceDate "2011.11.24"]
[SourceVersion "1"]
[SourceVersionDate "2011.11.24"]
[SourceQuality "1"]

1. e4 e5 2. Nf3 Nc6 3. Bc4 Nf6 4. d3 d6 5. Nc3 h6 6. Be3 Bg4 7. h3 Bd7 8. Qd2 Be6 9. Bb3 Qe7 10. Nb5 a6 11. Nc3 Nd7 12. Ne2 g5 13. Ng3 Bg7 14. Nh5 Rg8 15. Qc3 Bh8 16. Ng3 0-0-0 17. 0-0-0 Nf6 18. Nf5 Bxf5 19. exf5 Nd7 20. Qc4 Rgf8 21. Nd2 Nf6 22. d4 d5 23. Qa4 e4 24. a3 Na7 25. Qa5 Rd6 26. Ba2 Qd7 27. Nb3 Qxf5 28. Nc5 Rb6 29. Na4 Rb5 30. Qc3 Qe6 31. Rhe1 Rd8 32. f3 Qd6 33. Rf1 exf3 34. gxf3 Nd7 35. f4 f6 36. fxg5 fxg5 37. Rf5 Nf6 38. Bb3 Ne4 39. Qd3 Nc6 40. Nc3 Nxc3 41. Qxc3 Ne7 42. Rf3 Qd7 43. Ba4 Ng8 44. Bxb5 Qxb5 45. Bf2 Nf6 46. Bg3 Qb6 47. Bh2 Ne4 48. Qd3 Qe6 49. Qf1 Nd6 50. Re1 Qd7 51. Qd3 Ne4 52. Ref1 Nd6 53. Qe3 Bg7 54. Bxd6 Qxd6 55. Rf7 Rd7 56. Rxd7 Qxd7 57. Rf3 Kb8 58. Qf2 Ka7 59. Rf7 Qxh3 60. Rxg7 Qh1+ 61. Kd2 Qe4 62. Rxc7 g4 63. Qe3 Qg6 64. Qb3 Qg5+ 65. Kd1 1-0

[Event "Pinneberg op Seniors 10th"]
[Site "Pinneberg"]
[Date "2009.07.09"]
[Round "3"]
[White "Brueckner, Gerhard"]
[Black "Sagitow, Kamil"]
[Result "1-0"]
[WhiteElo "1807"]
[BlackElo "1489"]
[PlyCount "63"]
[EventDate "2009.06.25"]
[EventType "swiss"]
[EventRounds "4"]
[EventCountry "GER"]
[SourceTitle "EXT 2011"]
[Source "ChessBase"]
[SourceDate "2010.11.26"]
[SourceVersion "1"]
[SourceVersionDate "2010.11.26"]
[SourceQuality "1"]

1. e4 e5 2. d4 exd4 3. Qxd4 Nc6 4. Qe3 Qe7 5. Nc3 d6 6. Bd3 Ne5 7. Bd2 Nf6 8. h3 c6 9. 0-0-0 Be6 10. f4 Nc4 11. Qf2 Nb6 12. f5 Bc4 13. Bg5 h6 14. Bh4 0-0-0 15. Bxc4 Nxc4 16. Qxa7 Qc7 17. Bg3 Nd7 18. Qd4 Nce5 19. Nf3 f6 20. Bf2 Qa5 21. Rhe1 b5 22. Nd2 Kc7 23. Nb3 Qa6 24. Qe3 Ra8 25. Nd4 Nc5 26. Ne6+ Nxe6 27. fxe6 Re8 28. Nd5+ cxd5 29. exd5 Rc8 30. Rd4 Qxa2 31. Ra4 Nc4 32. Qa7+ 1-0

[Event "Pinneberg op Seniors 08th"]
[Site "Pinneberg"]
[Date "2007.07.19"]
[Round "5"]
[White "Muhs, Hans Helmut"]
[Black "Sagitow, Kamil"]
[Result "1-0"]
[WhiteElo "1393"]
[BlackElo "1482"]
[PlyCount "91"]
[EventDate "2007.06.21"]
[EventType "swiss"]
[EventRounds "5"]
[EventCountry "GER"]
[SourceTitle "EXT 2011"]
[Source "ChessBase"]
[SourceDate "2010.11.26"]
[SourceVersion "1"]
[SourceVersionDate "2010.11.26"]
[SourceQuality "1"]

1. Nf3 d5 2. g3 Nc6 3. d4 e6 4. Bg2 Nf6 5. a3 Bd6 6. 0-0 Qe7 7. Re1 0-0 8. Nbd2 Qd8 9. b4 a6 10. Bb2 Be7 11. c4 dxc4 12. Nxc4 Nd5 13. e4 Nb6 14. Nxb6 cxb6 15. d5 Nb8 16. Qd4 Bf6 17. e5 Bg5 18. Nxg5 Qxg5 19. Qxb6 exd5 20. Bxd5 Nd7 21. Qd4 Kh8 22. h4 Qh6 23. Rac1 Nb6 24. Bxf7 Be6 25. Bxe6 Qxe6 26. Qd6 Rae8 27. f4 Qg4 28. Kh2 Nc8 29. Qd1 Qf5 30. Qf3 Rf7 31. g4 Qxf4+ 32. Qxf4 Rxf4 33. Kg3 Ref8 34. Re3 R4f7 35. e6 Re7 36. Rd1 Kg8 37. Rd7 Rxd7 38. exd7 Nd6 39. Re6 Nf7 40. Bd4 Nd8 41. Re7 Rf7 42. Re8+ Rf8 43. Bb6 Nc6 44. Rxf8+ Kxf8 45. d8Q+ Nxd8 46. Bxd8 1-0